Most Popular Sufjan Stevens Songs - Statistics

General Stats
  • This quiz has been taken 22 times
  • The average score is 11 of 20
Answer Stats
Song % Correct
Chicago
94%
Fourth of July
94%
Mystery of Love
82%
Futile Devices
76%
Casimir Pulaski Day
71%
Should Have Known Better
71%
Eugene
65%
The Only Thing
65%
Visions of Gideon
65%
Carrie & Lowell
59%
Death with Dignity
59%
John Wayne Gacy Jr.
59%
All of Me Wants All of You
53%
John My Beloved
53%
Drawn to the Blood
47%
No Shade in the Shadow of the Cross
47%
Come On! Feel the Illinoise! (Part I: The World’s Columbia Exposition- Part II: Carl Sandburg Visits Me in a Dream)
41%
The Predatory Wasp of the Palisades Is Out to Get Us!
24%
Habits of My Heart
0%
Hood Politics
0%
No matching quizzes found
Score Distribution
Percent of People with Each Score
Percentile by Number Answered
Your Score History
You have not taken this quiz